[Event "22th Open"]
[Site "Pula CRO"]
[Date "2008.06.22"]
[Round "2"]
[White "Bodiroga,P"]
[Black "Machalova,M"]
[Result "1/2-1/2"]
[WhiteElo "2405"]
[BlackElo "2140"]

1.d4 Nf6 2.c4 e6 3.Nf3 b6 4.Nc3 Bb7 5.Bg5 Be7 6.e3 h6 7.Bf4 Ne4 8.Bd3 Nxc3
9.bxc3 d6 10.Qa4+ c6 11.e4 O-O 12.O-O Nd7 13.Rad1 Qc7 14.Bg3 c5 15.d5 Ne5
16.Nxe5 dxe5 17.Qc2 Bg5 18.Qe2 Bf4 19.Qh5 g6 20.Qh3 exd5 21.Bxf4 exf4 22.exd5 Kg7
23.Rfe1 Rfe8 24.Qf3 Re5 25.Re4 Rxe4 26.Qxe4 Rd8 27.h4 h5 28.a4 Bc8 29.Re1 Bd7
30.Qf3 Bxa4 31.Re4 Re8 32.Rxf4 Re1+ 33.Kh2 Bd1 34.Qg3 Qe5 35.d6 Ba4 36.Bf5 Qxd6
37.Bc2 Qd7 38.f3 Rf1 39.Bxa4 Qxa4 40.Qg5 Qd7 41.Qf6+ Kg8 42.Re4 Rd1 43.f4 Rd6
44.Qe5 Re6 45.Qb8+ Kg7 46.Re5 Qd6 47.Qxa7 Rxe5 48.fxe5 Qxe5+ 49.g3 Qe2+ 50.Kg1 Qxc4
51.Qa1 Qe2 52.Qb2 Qe3+ 53.Kg2 c4 54.Qb4 Qc5 55.Qb1 b5 56.Qe1 Qd5+ 57.Kh2 Qf5
58.Qe2 Kh7 59.Qb2 Qd3 60.Kg2 Qd1 61.Kh2 Qb3 62.Qd2 b4 63.Qf2 Qxc3 64.Qxf7+ Kh6
65.Qf8+ Qg7 66.Qxb4 c3 67.Qc5 Kh7 68.Kg1 Qf6 69.Kg2 Kg7 70.Qc7+ Kh6 71.Qc5 Kh7
72.Qc7+ Qg7 73.Qc8 Qd4 74.Qc7+ Kh6 75.Qc8 Qd2+ 76.Kf3 Qd1+ 77.Kg2 Qd2+ 78.Kf3 Qd3+
79.Kg2 Qe2+ 80.Kg1 Qe1+ 81.Kg2 Qe4+ 82.Kg1 Qd4+ 83.Kg2 Qf6 84.Kg1 g5 85.hxg5+ Kxg5
86.Kg2 Kh6 87.Qc7 Kg6  1/2-1/2

[Event "22th Open"]
[Site "Pula CRO"]
[Date "2008.06.24"]
[Round "5"]
[White "Jankovic,A"]
[Black "Sakelsek,T"]
[Result "1-0"]
[WhiteElo "2528"]
[BlackElo "2408"]

1.d4 Nf6 2.c4 e6 3.Nf3 b6 4.Nc3 Bb4 5.Bg5 Bb7 6.Nd2 h6 7.Bh4 Nc6 8.e3 Bxc3
9.bxc3 Ne7 10.f3 Ng6 11.Bf2 d6 12.Bd3 Nf8 13.e4 e5 14.O-O c5 15.a4 a5 16.Re1 Ne6
17.d5 Nf4 18.Bf1 Bc8 19.Rb1 O-O 20.Kh1 g5 21.Be3 Kg7 22.g3 Ng6 23.Bd3 Rb8
24.Nf1 Ng8 25.Bc1 N8e7 26.Ne3 f5 27.exf5 Nxf5 28.Ng2 Qf6 29.f4 exf4 30.gxf4 g4
31.Qxg4 Kh7 32.Bd2 Ng7 33.Qh4 Nf5 34.Qxf6 Rxf6 35.Re8 Kg7 36.Rbe1 Rf8 37.Rxf8 Kxf8
38.Ne3 Nge7 39.Nxf5 Nxf5 40.Be3 Bd7 41.Bf2 Kf7 42.Kg2 Re8 43.Rb1 Rb8 44.Kf3 Kf6
45.Bc2 Be8 46.Ke2 Bh5+ 47.Kd2 Be8 48.Rg1 Bf7 49.Rg4 Rg8 50.Rxg8 Bxg8 51.Bxf5 Kxf5
52.Bh4 Bf7 53.Kc2 Be8 54.Kb3 Bh5 55.Be7 Bd1+ 56.Ka3 Be2 57.Bxd6 Bxc4 58.Bc7 Bxd5
59.Bxb6 Kxf4 60.Bxc5 Ke4 61.Bb6 Kd3 62.Bxa5 Kc4 63.Bb4 Bc6 64.a5 Bb5 65.Kb2 Ba6
66.Kc2 Bc8 67.Kd2 Ba6 68.Ke3 Kd5 69.Kf4 Bd3 70.Kg4 Be2+ 71.Kf5 h5 72.Kg5 Ke6
73.a6 Bxa6 74.Kxh5  1-0

[Event "White Nights Open"]
[Site "St Petersburg RUS"]
[Date "2008.06.26"]
[Round "6"]
[White "Chernov,Yurij"]
[Black "Airumian,S"]
[Result "0-1"]
[WhiteElo "2153"]
[BlackElo "2060"]

1.d4 Nf6 2.c4 e6 3.Nf3 b6 4.Nc3 Bb7 5.e3 Bb4 6.Qc2 d5 7.a3 Be7 8.cxd5 exd5
9.Bd3 O-O 10.O-O c5 11.dxc5 bxc5 12.b3 Nbd7 13.Bb2 Rc8 14.e4 d4 15.Ne2 Bd6
16.Ng3 Re8 17.Rfe1 Ne5 18.Nd2 Nfg4 19.h3 Nxd3 20.Qxd3 Ne5 21.Qf1 Qb6 22.Nc4 Nxc4
23.Qxc4 Bxg3 24.fxg3 Bxe4 25.b4 Qb7  0-1

[Event "IV Open"]
[Site "Sort ESP"]
[Date "2008.06.28"]
[Round "6"]
[White "Gupta,Ab"]
[Black "Abhay,T"]
[Result "1-0"]
[WhiteElo "2521"]
[BlackElo "2263"]

1.d4 Nf6 2.c4 e6 3.Nf3 b6 4.Nc3 Bb7 5.a3 d5 6.cxd5 Nxd5 7.Qc2 c5 8.e4 Nxc3
9.bxc3 Nc6 10.Bf4 cxd4 11.cxd4 Rc8 12.Qa4 Bd6 13.Be3 O-O 14.Ba6 Bxa6 15.Qxa6 Na5
16.O-O Qd7 17.a4 Rc2 18.Qb5 Qxb5 19.axb5 Rfc8 20.Rfc1 Rxc1+ 21.Rxc1 Rxc1+
22.Bxc1 Nc4 23.Kf1 Ba3 24.Ne5 Nxe5 25.Bxa3 Nd7 26.Ke2 f6 27.f4 e5 28.dxe5 fxe5
29.f5 g6 30.g4 Nf6 31.Kf3 Ne8 32.Bb2 Nd6 33.Bxe5 Nxb5 34.Ke3 a6 35.Kd3 Na3
36.Bb2 Nb5 37.e5 Nc7 38.e6 gxf5 39.gxf5 Kf8 40.Ke4 b5 41.Be5 Ne8 42.f6 b4
43.Kd4 a5 44.Kc4 h6 45.Kb3  1-0

[Event "Atlantis Meestertienkamp"]
[Site "Groningen NED"]
[Date "2008.06.30"]
[Round "4"]
[White "Wemmers,X"]
[Black "Geirnaert,S"]
[Result "1-0"]
[WhiteElo "2387"]
[BlackElo "2324"]

1.d4 Nf6 2.c4 e6 3.Nf3 b6 4.Nc3 Bb4 5.Bg5 Bb7 6.e3 h6 7.Bh4 Bxc3+ 8.bxc3 d6
9.Nd2 Nbd7 10.f3 Qe7 11.Bd3 e5 12.Qe2 Qe6 13.O-O g5 14.Bf2 Rg8 15.Rab1 a5
16.Rfc1 g4 17.f4 e4 18.Bc2 Ba6 19.Bh4 d5 20.Bb3 dxc4 21.Bxc4 Bxc4 22.Nxc4 Nd5
23.Nd2 f5 24.a3 Ne7 25.c4 c6 26.Nb3 Ng6 27.Be1 Qf7 28.a4 Ne7 29.c5 Rg6 30.cxb6 Nxb6
31.Nxa5 Nbd5 32.Nc4 Qe6 33.Ne5 Rg8 34.a5 Kf8 35.Rb7 Rg7 36.a6 Kg8 37.Bh4 Kh7
38.Bxe7 Nxe7 39.a7 Qd6 40.Qa2 Qd5 41.Qxd5 Nxd5 42.Rxg7+ Kxg7 43.Nxc6 Nxe3
44.Rb1 Nd5 45.Rb8  1-0

[Event "Kings Gambit A"]
[Site "Lipetsk RUS"]
[Date "2008.07.09"]
[Round "1"]
[White "Papin,V"]
[Black "Grekh,A"]
[Result "0-1"]
[WhiteElo "2479"]
[BlackElo "2362"]

1.d4 Nf6 2.c4 e6 3.Nf3 b6 4.Nc3 Bb4 5.Qc2 Bb7 6.a3 Bxc3+ 7.Qxc3 O-O 8.e3 Ne4
9.Qc2 f5 10.Be2 Ng5 11.h4 Nxf3+ 12.gxf3 d6 13.b3 Nd7 14.Bb2 f4 15.e4 Qe7
16.O-O-O Rad8 17.h5 e5 18.h6 g6 19.dxe5 Nxe5 20.Kb1 Rf6 21.b4 c5 22.bxc5 bxc5
23.Ka2 Bc6 24.Qc3 Rb8 25.Ba1 Ba4 26.Rb1 Rff8 27.Rhf1 Bd7 28.Qa5 Be6 29.Qa6 Kf7
30.Rfd1 Rxb1 31.Rxb1 Rc8 32.Rb7 Rc7 33.Rb8 Rc6 34.Qa4 Rc8 35.Rb1 g5 36.Qa6 Rc6
37.Qa4 Qc7 38.Bxe5 dxe5 39.Rb8 Qd7 40.Kb3 Kg6 41.Kc2 Rb6 42.Qxd7 Bxd7 43.Rd8 Rb7
44.Kc3 Kxh6 45.a4 Kg7 46.a5 h5 47.Bf1 h4 48.a6 Rc7 49.Rb8 Bc8 50.Rb1 Bxa6
51.Bh3 Bc8 52.Bxc8 Rxc8 53.Rb7+ Kg6 54.Rxa7 h3 55.Ra1 Kh5 56.Kd2 g4 57.Ra7 Rh8
58.Ke2 g3 59.Kf1 Kg6 60.Ra6+ Kg5  0-1

[Event "Inautomarket Open"]
[Site "Minsk BLR"]
[Date "2008.07.13"]
[Round "4"]
[White "Tihonov,J"]
[Black "Dydyshko,V"]
[Result "0-1"]
[WhiteElo "2470"]
[BlackElo "2583"]

1.d4 Nf6 2.c4 e6 3.Nf3 b6 4.Nc3 Bb4 5.Bg5 Bb7 6.Nd2 h6 7.Bh4 Qe7 8.Qc2 c5
9.d5 exd5 10.cxd5 Bxc3 11.bxc3 Bxd5 12.O-O-O Nc6 13.e4 Be6 14.Nc4 Bxc4 15.Bxc4 Ne5
16.Bd5 Rc8 17.f4 Ng6 18.Bxf6 Qxf6 19.g3 b5 20.e5 Qa6 21.Be4 Ne7 22.Rd6 Qa3+
23.Kb1 b4 24.cxb4 cxb4 25.Qd3 Qxd3+ 26.Rxd3 Rc4 27.Bf3 Nc8 28.Rhd1 Nb6 29.Rd4 Ke7
30.Be2 Rxd4 31.Rxd4 a5  0-1

[Event "Kings Gambit A"]
[Site "Lipetsk RUS"]
[Date "2008.07.14"]
[Round "6"]
[White "Papin,V"]
[Black "Zontakh,A"]
[Result "1/2-1/2"]
[WhiteElo "2479"]
[BlackElo "2582"]

1.d4 Nf6 2.c4 e6 3.Nf3 b6 4.Nc3 Bb7 5.a3 d5 6.cxd5 Nxd5 7.Qc2 Nxc3 8.bxc3 Be7
9.e4 Nd7 10.Bf4 c5 11.d5 exd5 12.exd5 O-O 13.Rd1 Re8 14.Be2 c4 15.O-O Rc8
16.Nd4 Nf6 17.Nc6 Qd7 18.Bf3 Bxa3 19.Qa2 Bc5 20.Qxc4 Qf5 21.Be3 Bxe3 22.fxe3 Bxc6
23.dxc6 Qg5 24.Rd3 Rxe3 25.Rfd1 Rxd3 26.Qxd3 h5 27.h3 Qe5 28.Qa6 Qe3+ 29.Kh1 Rc7
30.Rd8+ Kh7 31.Qb5 g6 32.Rd3 Qc1+ 33.Kh2 Re7 34.Qc4 Qe1 35.Qf4 h4 36.Rd1 Qe5
37.Qxe5 Rxe5 38.Rd7 Kg7 39.Rxa7 Rc5 40.Rb7 b5 41.Kg1 Nd5 42.Rd7 Nxc3 43.c7 b4
44.Bb7 b3 45.c8=Q Rxc8 46.Bxc8 b2 47.Rb7 b1=Q+ 48.Rxb1 Nxb1 49.Kf2 Nc3 50.Bb7 Kf6
51.Kf3 Kg5 52.Bc6 f5 53.Ke3 Kf6 54.Kd3 Na2 55.Kd4 Nb4 56.Bb7 Nc2+ 57.Kc3 Ne3
58.Kd3 Nf1 59.Kd4 Kg5 60.Ba6 Ng3 61.Ke3 Kf6 62.Kd4 Nh5 63.Bb7 Nf4 64.Bc6 Ne6+
65.Kd5 g5 66.Bb7 Nc7+ 67.Kc6 Ne6 68.Kd5 Nf8 69.Bc6 Ng6 70.Bb7 Ne7+ 71.Kd4 Ke6
72.Bf3 Kd6 73.Bb7 Ke6 74.Bf3 Ng6 75.Bb7 Kf6 76.Bf3 Nf4 77.Bb7 Ne6+ 78.Kd5 g4
79.hxg4 fxg4 80.Ke4 Kg5 81.Ke3 Nf4 82.Be4 Nh5 83.Bc6 Nf6 84.Bb7 Kf5 85.Bc6 Ke5
86.Bb7 Ng8 87.Bc8 Nh6 88.g3 h3 89.Kf2 Nf5 90.Kg1 Ne3 91.Kh2 Nf5 92.Bb7 Nd6
93.Bc6 Ke6 94.Kg1 Nf5 95.Kf2 Ne7 96.Bb7 Ke5 97.Ba6 Nd5 98.Be2 Kf5 99.Kg1 Nc3
100.Bf1 Ne4 101.Kh2 Ng5 102.Kg1 Ke5 103.Be2 Nf3+ 104.Kf2 Ke4 105.Ba6 Ne5
106.Bc8 Kd3 107.Ba6+ Kd2 108.Bc8 Kd3 109.Bf5+ Kd4 110.Bc8 Ke4 111.Bb7+ Kf5
112.Bc8+ Kg5 113.Ba6 Nf3 114.Bb7 Nd2 115.Kg1 Kf6 116.Bc8 Nf3+ 117.Kf2 Ne5  1/2-1/2

[Event "2nd LCT"]
[Site "Leiden NED"]
[Date "2008.07.15"]
[Round "5"]
[White "Oosterom,E"]
[Black "Critelli,J"]
[Result "1-0"]
[WhiteElo "2143"]
[BlackElo "2296"]

1.d4 Nf6 2.c4 e6 3.Nf3 b6 4.Nc3 Bb4 5.Qb3 c5 6.Bg5 O-O 7.a3 Ba5 8.e3 d6 9.Be2 Nbd7
10.O-O Bxc3 11.bxc3 Qc7 12.Nd2 Bb7 13.f3 Rfe8 14.e4 h6 15.Bh4 e5 16.d5 Nh5
17.Rfe1 Nf8 18.Bf1 Bc8 19.a4 Nf4 20.a5 Rb8 21.axb6 axb6 22.Qa4 Bd7 23.Qa2 Rb7
24.Qa6 Nh7 25.Reb1 f5 26.Rb2 Ng6 27.Bf2 f4 28.Qa2 Ne7 29.Qb1 Reb8 30.Ra6 Nf6
31.Be2 g5 32.h3 h5 33.Nf1 Ng6 34.Nh2 Kg7 35.Kf1 Ne7 36.Ke1 Nc8 37.Kf1 Qd8
38.Qa1 Qh8 39.h4 g4 40.g3 gxf3 41.Bxf3 Qh6 42.Qe1 fxg3 43.Bxg3 Ne7 44.Qd2 Qh7
45.Qg5+ Kf7 46.Rf2 Neg8 47.Bxh5+ Ke7 48.Bg6 Qg7 49.h5 Rf8 50.Kg2 Be8 51.Bxe5 Bxg6
52.hxg6 dxe5 53.Qxe5+ Kd7 54.Qe6+ Kc7 55.Qc6+ Kb8 56.Qd6+ Rc7 57.Qxb6+ Rb7
58.Qd6+ Rc7 59.Rb2+  1-0

[Event "ch-SUI"]
[Site "Samnaun SUI"]
[Date "2008.07.16"]
[Round "7"]
[White "Huss,A"]
[Black "Klauser,M"]
[Result "0-1"]
[WhiteElo "2378"]
[BlackElo "2394"]

1.d4 Nf6 2.Nf3 e6 3.c4 b6 4.Nc3 Bb4 5.Qc2 Bb7 6.a3 Bxc3+ 7.Qxc3 O-O 8.e3 d6
9.Be2 Nbd7 10.O-O Ne4 11.Qd3 f5 12.Nd2 Qh4 13.f3 Ng5 14.Rf2 Rf6 15.Qc2 Rg6
16.g3 Nh3+ 17.Kf1 Qh6 18.Rg2 Rf8 19.Qc3 Nf6 20.Ke1 Qh5 21.Kd1 Ng5 22.Rf2 Nf7
23.Kc2 e5 24.b3 f4 25.exf4 exf4 26.Nf1 fxg3 27.hxg3 Qf5+ 28.Bd3 Be4 29.Be3 Bxd3+
30.Qxd3 Qd7 31.g4 d5 32.Ng3 dxc4 33.bxc4 Nd6 34.Nf5 Nfe8 35.Nh4 Re6 36.Kb3 b5
37.c5 Nc4 38.Bd2 Qd5 39.Kc2 g6 40.Ng2 Nxd2 41.Kxd2 c6 42.Raf1 Nf6 43.Ne3 Qd8
44.Kc2 Rfe8 45.Ng2 Nd5 46.Qd2 Ne3+ 47.Nxe3 Rxe3 48.d5 Rxa3 49.Kb2 Ree3 50.Rd1 Qf6+
51.Qd4 Reb3+ 52.Kc2 Rc3+ 53.Kb2 Rab3+ 54.Ka2 Qd8 55.Ka1 Ra3+ 56.Ra2 Rxa2+
57.Kxa2 Qa5+ 58.Kb1 Rb3+ 59.Kc1 Qa2  0-1

[Event "ch-SUI"]
[Site "Samnaun SUI"]
[Date "2008.07.17"]
[Round "8"]
[White "Huss,A"]
[Black "Landenbergue,C"]
[Result "1/2-1/2"]
[WhiteElo "2378"]
[BlackElo "2435"]

1.d4 Nf6 2.Nf3 e6 3.c4 b6 4.Nc3 Bb7 5.a3 d5 6.Bg5 Be7 7.Bxf6 Bxf6 8.cxd5 exd5
9.e3 O-O 10.Be2 c5 11.O-O Nd7 12.Rc1 a6 13.dxc5 Nxc5 14.Nd4 Qd6 15.Bf3 Rfd8  1/2-1/2

[Event "ch-AUT"]
[Site "Leoben AUT"]
[Date "2008.07.19"]
[Round "1"]
[White "Hoelzl,F"]
[Black "Loidl,F"]
[Result "0-1"]
[WhiteElo "2374"]
[BlackElo "2201"]

1.d4 Nf6 2.c4 e6 3.Nf3 b6 4.Nc3 Bb7 5.g3 Bb4 6.Bg2 O-O 7.O-O Bxc3 8.bxc3 d6
9.a4 Nbd7 10.a5 Be4 11.Qa4 Qe8 12.Bh3 Nb8 13.Qa2 Nc6 14.a6 Rb8 15.Nd2 Bg6
16.Re1 e5 17.Bb2 exd4 18.cxd4 Nb4 19.Qb3 Nc2 20.d5 Nxa1 21.Bxa1 Nd7 22.Nf3 Nc5
23.Qa2 Bh5 24.Nd4 Nd3 25.Qb3 Nxe1 26.Kf1 Qe4 27.f3 Nxf3 28.exf3 Qe8 29.Nb5 Qd8
30.Qc3 f6 31.Nxa7 Be8 32.Nc6 Bxc6 33.dxc6 Ra8 34.Qa3 Qb8 35.c5 bxc5 36.Be6+ Kh8
37.Bc3 Qb5+  0-1

[Event "17th ch-MKD"]
[Site "Struga MKD"]
[Date "2008.07.19"]
[Round "6"]
[White "Andonovski,L"]
[Black "Nikoloski,K"]
[Result "1-0"]
[WhiteElo "2300"]
[BlackElo "2118"]

1.d4 Nf6 2.c4 e6 3.Nf3 b6 4.Nc3 d5 5.Bg5 Be7 6.g3 c6 7.Bg2 Ba6 8.cxd5 cxd5
9.O-O O-O 10.Rc1 h6 11.Bf4 Bd6 12.Ne5 Qe7 13.Re1 g5 14.Bd2 Bb7 15.e4 dxe4
16.Nxe4 Nxe4 17.Bxe4 Bxe4 18.Rxe4 Nd7 19.Nxd7 Qxd7 20.Qh5 f6 21.Qxh6 Rae8
22.Rce1 Re7 23.Qg6+ Rg7 24.Qh5 e5 25.dxe5 fxe5 26.Be3 Qf5 27.Qg4 Qf7 28.b3 Qf6
29.Qd1 Kh8 30.Rc4 Rd8 31.Qh5+ Kg8 32.Qg4 Bc7 33.Rd1 Rxd1+ 34.Qxd1 b5 35.Qd5+ Kh7
36.Qxb5 Qf3 37.Qc6 Qh5 38.Qe4+ Kh8 39.Rxc7  1-0

[Event "19th Czech Chladek & Tintera A Open"]
[Site "Pardubice CZE"]
[Date "2008.07.21"]
[Round "4"]
[White "Semcesen,D"]
[Black "Ohme,M"]
[Result "1/2-1/2"]
[WhiteElo "2387"]
[BlackElo "2245"]

1.d4 Nf6 2.c4 e6 3.Nf3 b6 4.Nc3 Bb4 5.Bg5 Bb7 6.Nd2 h6 7.Bh4 Bxc3 8.bxc3 d6
9.f3 Nbd7 10.e4 e5 11.Bd3 Qe7 12.O-O Qe6 13.Re1 Nh5 14.Nf1 Nf4 15.Ne3 g5
16.Bf2 h5 17.Bf1 O-O-O 18.Nf5 Kb8 19.c5 dxc5 20.Qa4 g4 21.fxg4 Rdg8 22.d5 Rxg4
23.dxe6 Nh3+ 24.Kh1 Nxf2+  1/2-1/2

[Event "ZMD Open"]
[Site "Dresden GER"]
[Date "2008.07.22"]
[Round "4"]
[White "Koehn,P"]
[Black "Fedorchuk,S"]
[Result "0-1"]
[WhiteElo "2285"]
[BlackElo "2624"]

1.Nf3 Nf6 2.d4 e6 3.c4 b6 4.Nc3 Bb7 5.Bg5 h6 6.Bh4 Be7 7.e3 Ne4 8.Bxe7 Qxe7
9.Nxe4 Bxe4 10.Nd2 Bb7 11.Bd3 d6 12.O-O Nd7 13.Be4 Bxe4 14.Nxe4 O-O 15.Nc3 f5
16.f4 c6 17.Qc2 d5 18.Ne2 Rac8 19.Qb3 Nf6 20.Rad1 Rfd8 21.Rfe1 Kh7 22.cxd5 cxd5
23.Nc1 Rc4 24.Nd3 Rdc8 25.Re2 Ne4 26.Rde1 Qc7 27.Ne5 Rc1 28.Nd3 Rc2 29.g3 Nd2  0-1

[Event "III Open"]
[Site "Oviedo ESP"]
[Date "2008.07.23"]
[Round "1"]
[White "Pozo Vera,S"]
[Black "Menendez Rodriguez,H"]
[Result "1-0"]
[WhiteElo "2454"]
[BlackElo "1831"]

1.d4 Nf6 2.Nf3 e6 3.c4 b6 4.Nc3 Bb7 5.a3 Be7 6.d5 O-O 7.e4 d6 8.Bd3 e5 9.O-O Nbd7
10.b4 a5 11.Rb1 axb4 12.axb4 Re8 13.Bc2 Qb8 14.Ba4 Rd8 15.h3 h6 16.Be3 Bf8
17.Qc2 Qc8 18.Bc6 Kh8 19.Rfd1 Kg8 20.Nd2 Be7 21.Ra1 Bxc6 22.dxc6 Nf8 23.Nb3 Ne6
24.Nd5 Nxd5 25.cxd5 Nf4 26.Kh2 Ng6 27.Qe2 Rf8 28.Rxa8 Qxa8 29.Ra1 Qe8 30.Ra7 Bd8
31.Qg4 Nf4 32.Qf3 Kh8 33.Ra8 Qe7 34.g3 Ng6 35.Qf5 Qf6 36.Qxf6 gxf6 37.Bxh6 Re8
38.Nd2 Ne7 39.Nc4 Rg8 40.g4 Kh7 41.Be3 Ng6 42.Ra1 Kg7 43.Na3 Nh4 44.Nb5 Nf3+
45.Kg3  1-0

[Event "Dutch Open"]
[Site "Dieren NED"]
[Date "2008.07.24"]
[Round "3"]
[White "Wilgenhof,O"]
[Black "Ootes,Le"]
[Result "1-0"]
[WhiteElo "2218"]
[BlackElo "2064"]

1.d4 Nf6 2.Nf3 e6 3.c4 b6 4.Nc3 Bb7 5.Qc2 c5 6.e4 cxd4 7.Nxd4 d6 8.Be2 Be7
9.Be3 a6 10.O-O Nbd7 11.f4 Qc8 12.Bf3 O-O 13.b3 Rd8 14.g4 Nf8 15.g5 N6d7
16.Qb2 Qc7 17.Nd5 exd5 18.Nf5 Nf6 19.exd5 Ne8 20.Bd4 f6 21.Rae1 Ng6 22.Bh5 Bf8
23.Qf2 Qf7 24.Bxb6 Rdb8 25.Nh4 fxg5 26.Bxg6 hxg6 27.fxg5 Qxf2+ 28.Rxf2 Bxd5
29.cxd5 Rxb6 30.Nxg6 Nc7 31.Ref1 Rbb8 32.Rf4 Nxd5 33.Rh4 Nf6 34.gxf6 gxf6
35.Rxf6 Rb5 36.Rg4 Kg7 37.Rf3  1-0

[Event "ZMD Open"]
[Site "Dresden GER"]
[Date "2008.07.24"]
[Round "6"]
[White "Horvath,P1"]
[Black "Stabolewski,A"]
[Result "1/2-1/2"]
[WhiteElo "2490"]
[BlackElo "2282"]

1.d4 Nf6 2.Nf3 b6 3.c4 e6 4.Nc3 Bb7 5.Bg5 Be7 6.Qc2 h6 7.Bh4 c5 8.dxc5 bxc5
9.e3 Qa5 10.Be2 Ne4 11.Bxe7 Nxc3 12.bxc3 Kxe7 13.O-O Bc6 14.Nd2 d6 15.f4 Nd7
16.Bf3 Bxf3 17.Rxf3 Rab8 18.Raf1 Qa3 19.Nb3 Qa6 20.Qe2 d5 21.Nd2 Rb2 22.R3f2 Nf6
23.Qe1 Qxa2 24.e4 dxe4 25.Nxe4 Rxf2 26.Rxf2 Qxc4 27.Nxf6 gxf6 28.Qa1 Rd8
29.Qxa7+ Rd7 30.Qa1 Qd3 31.Rf1 Qe3+ 32.Kh1 Rd2 33.h3 Qe4 34.Qa7+ Ke8 35.Qb8+ Kd7
36.Rf3 Qg6 37.Qb7+ Kd8 38.Qb8+ Kd7 39.Qb5+ Kd8 40.Qb6+ Kd7 41.Qb7+ Kd8 42.Qb8+  1/2-1/2

[Event "ZMD Open"]
[Site "Dresden GER"]
[Date "2008.07.24"]
[Round "6"]
[White "Svetushkin,D"]
[Black "Koehn,P"]
[Result "1-0"]
[WhiteElo "2587"]
[BlackElo "2285"]

1.d4 Nf6 2.c4 e6 3.Nf3 b6 4.Nc3 Bb7 5.Bg5 h6 6.Bh4 Be7 7.Qc2 d5 8.e3 O-O
9.Bxf6 Bxf6 10.cxd5 exd5 11.O-O-O Qe7 12.Kb1 Rd8 13.g4 c5 14.h4 g6 15.g5 hxg5
16.hxg5 Bg7 17.Ne5 cxd4 18.exd4 Nc6 19.f4 Nb4 20.Qd2 Bc8 21.a3 Bf5+ 22.Ka1 a5
23.Rc1 Rdc8 24.Bb5 Qd6 25.Rh4 Kf8 26.Qh2 Ra7 27.Rh7 Bxe5 28.fxe5 Qe6 29.Rh8+ Ke7
30.Rxc8 Qxc8 31.Nxd5+ Nxd5 32.Rxc8 Bxc8 33.Qh8 Bd7 34.Bc4  1-0

[Event "ch-AUT"]
[Site "Leoben AUT"]
[Date "2008.07.25"]
[Round "7"]
[White "Hoelzl,F"]
[Black "Baumegger,S"]
[Result "0-1"]
[WhiteElo "2374"]
[BlackElo "2433"]

1.d4 Nf6 2.c4 e6 3.Nf3 b6 4.Nc3 Bb7 5.g3 Bb4 6.Qb3 c5 7.Bg2 Nc6 8.dxc5 Bxc5
9.O-O Na5 10.Qc2 Nxc4 11.Bg5 O-O 12.Rad1 Rc8 13.e4 h6 14.Bc1 d5 15.exd5 Nxd5
16.Nxd5 Bxd5 17.Nh4 Qd7 18.Qe2 Qc6 19.Bxd5 exd5 20.Nf5 Rfe8 21.Qf3 Rcd8 22.Nd4 Qg6
23.Qg2 Ne5 24.Nb3 Qe4 25.Nxc5 Nf3+ 26.Kh1 bxc5 27.b3 d4 28.Ba3 Rd5 29.Rc1 Rh5
30.h3 Qg4  0-1

[Event "41st Festival MTO"]
[Site "Biel SUI"]
[Date "2008.07.31"]
[Round "10"]
[White "Huss,A"]
[Black "Meier,V"]
[Result "0-1"]
[WhiteElo "2378"]
[BlackElo "2276"]

1.d4 Nf6 2.Nf3 e6 3.c4 b6 4.Nc3 Bb7 5.a3 d5 6.Bg5 Be7 7.Bxf6 Bxf6 8.cxd5 exd5
9.e3 O-O 10.Be2 c6 11.O-O Na6 12.b4 Nc7 13.Qb3 Re8 14.a4 Ne6 15.a5 Rc8 16.axb6 axb6
17.Ra7 Rc7 18.Rd1 Qb8 19.Ra2 Rd8 20.Rad2 Rcd7 21.g3 c5 22.Bb5 Rd6 23.Bf1 cxd4
24.Nxd4 Nxd4 25.exd4 Bc8 26.Nb5 Rc6 27.Ra2 Bb7 28.Rda1 g6 29.h4 h5 30.Ra7 Kg7
31.Kh2 Re6 32.Bg2 Bc6 33.Bh3 Re2 34.Nc7  0-1

[Event "IX Miquel Mas de Figueres Open"]
[Site "Castell de Sant Ferran ESP"]
[Date "2008.08.02"]
[Round "1"]
[White "Delchev,A"]
[Black "Santos Morales,M"]
[Result "1-0"]
[WhiteElo "2618"]
[BlackElo "1889"]

1.d4 Nf6 2.c4 e6 3.Nf3 b6 4.Nc3 Bb7 5.a3 d6 6.d5 c5 7.e4 exd5 8.cxd5 Nbd7
9.Bd3 Be7 10.O-O O-O 11.h3 a6 12.a4 Re8 13.Bf4 Bf8 14.Re1 Ne5 15.Bxe5 dxe5
16.Nd2 Qc7 17.Nc4 Bc8 18.Qf3 Ra7 19.Ne3 Qb8 20.g4 Nd7 21.Bc4 Bd6 22.h4 Nf8
23.Nf5 Ng6 24.Ne2 Ne7 25.Neg3 Nxf5 26.exf5 Rd7 27.Qb3 Qc7 28.Ne4 Qd8 29.g5 f6
30.gxf6 gxf6 31.Qf3 Kh8 32.Kh1 Rg7 33.Rg1 Reg8 34.Rg3 Bb7 35.Rd1 Qe7 36.Kh2 a5
37.Qh5 Bc8 38.Rdg1 Bd7 39.b3 Bc7 40.Qf3  1-0

[Event "17th Open"]
[Site "Kavala GRE"]
[Date "2008.08.02"]
[Round "4"]
[White "Papin,V"]
[Black "Chadaev,N"]
[Result "1/2-1/2"]
[WhiteElo "2479"]
[BlackElo "2535"]

1.d4 Nf6 2.c4 e6 3.Nf3 b6 4.Nc3 Bb4 5.Qc2 Bb7 6.a3 Bxc3+ 7.Qxc3 d6 8.e3 Nbd7
9.Bd3 Ne4 10.Qc2 f5 11.O-O O-O 12.b4 a5 13.Bb2 Ng5 14.Ne1 axb4 15.axb4 Rxa1
16.Bxa1 Qa8 17.Bb2 b5 18.cxb5 Qd8 19.f3 Nf6 20.Qd2 Qe8 21.Be2 h6 22.Nd3 Ngh7
23.Rc1  1/2-1/2

[Event "Abkhasian Open"]
[Site "Sukhumi GEO"]
[Date "2008.08.03"]
[Round "1"]
[White "Bekker,M"]
[Black "Kharlamov,I1"]
[Result "0-1"]
[WhiteElo "2180"]
[BlackElo "2090"]

1.d4 Nf6 2.c4 e6 3.Nf3 b6 4.Nc3 Bb7 5.Qc2 Bb4 6.a3 Bxc3+ 7.Qxc3 Ne4 8.Qc2 O-O
9.e3 f5 10.Be2 a5 11.b3 d6 12.Bb2 Nd7 13.O-O Rf6 14.d5 e5 15.b4 Rh6 16.Bd3 Ndf6
17.Ne1 Qe8 18.Be2 axb4 19.axb4 Rxa1 20.Bxa1 Kh8 21.Nd3 b5 22.f4 bxc4 23.Qxc4 Nxd5
24.Qc1 exf4 25.Nxf4 Nef6 26.Nxd5 Nxd5 27.Rxf5 Nxe3 28.Rf2 Re6 29.Bh5 Qa8
30.Bf7 Re7 31.Qc3 Re5  0-1

[Event "Arctic Chess Challenge"]
[Site "Tromso NOR"]
[Date "2008.08.04"]
[Round "3"]
[White "Kunin,V"]
[Black "Hanssen,G"]
[Result "1-0"]
[WhiteElo "2532"]
[BlackElo "2232"]

1.Nf3 Nf6 2.d4 e6 3.c4 b6 4.Nc3 Bb7 5.a3 d5 6.cxd5 Nxd5 7.Qc2 Nxc3 8.bxc3 Be7
9.e4 O-O 10.Bd3 c5 11.O-O cxd4 12.cxd4 Qc8 13.Qb3 Ba6 14.Bxa6 Qxa6 15.d5 Qc8
16.Bb2 exd5 17.Rac1 Qd8 18.Rfd1 Nd7 19.Qxd5 Nc5 20.Qh5 Qe8 21.Qg4 f6 22.Nh4 Qf7
23.Nf5 Kh8 24.h4 Rfd8 25.h5 Rxd1+ 26.Rxd1 Rg8 27.h6 gxh6 28.Qh4 Rg5 29.Nxh6 Qh5
30.Qxg5 Qxg5 31.Nf7+ Kg8 32.Nxg5 fxg5 33.f3 Kf7 34.Kf2 Ke6 35.Ke3 Na4 36.Bc1 h5
37.Rd5  1-0

[Event "IX Miquel Mas de Figueres Open"]
[Site "Castell de Sant Ferran ESP"]
[Date "2008.08.09"]
[Round "9"]
[White "Delchev,A"]
[Black "Gonzalez Rodriguez,JA"]
[Result "1/2-1/2"]
[WhiteElo "2618"]
[BlackElo "2421"]

1.d4 Nf6 2.Nf3 e6 3.c4 b6 4.Nc3 Bb4 5.Bg5 h6 6.Bh4 Bxc3+ 7.bxc3 d6 8.Nd2 g5
9.Bg3 Nh5 10.e3 Nxg3 11.hxg3 Bb7 12.Be2 Nc6 13.Qa4 Qd7 14.Rh2 O-O-O 15.O-O-O Kb8
16.Kb2 f5 17.Rdh1 Qg7 18.Bf3 Ne7 19.Nb3 c5 20.Qb5 Bxf3 21.gxf3 Kc7 22.Qa6 Nc8
23.a4 h5 24.a5 h4 25.gxh4 Rxh4 26.Rxh4 gxh4 27.Rxh4 Rh8 28.Rxh8 Qxh8 29.axb6+ axb6
30.Qa1 Qh2 31.Qe1 Ne7 32.e4 Kd7 33.Qd2 Kc7 34.e5 cxd4 35.Nxd4 Kd7 36.f4 d5
37.cxd5 Nxd5 38.Ne2 b5 39.Qd4 Qh5 40.Qd3 Ke7 41.Qxb5 Qf3 42.Qb7+ Kf8 43.Qc8+ Kg7
44.Qd7+ Kh8 45.Qd8+ Kg7  1/2-1/2

[Event "US Open"]
[Site "Dallas USA"]
[Date "2008.08.09"]
[Round "8"]
[White "Holt,C"]
[Black "Danlag,D"]
[Result "1-0"]
[WhiteElo "2219"]
[BlackElo "2073"]

1.d4 Nf6 2.c4 e6 3.Nf3 b6 4.Nc3 Bb7 5.Bg5 Bb4 6.Qb3 Qe7 7.e3 O-O 8.a3 Ba5
9.Bd3 d6 10.Bxh7+ Kxh7 11.Qc2+ Be4 12.Bxf6 Bxc2 13.Bxe7 Bxc3+ 14.bxc3 Re8
15.Bh4 Bd3 16.c5 Nd7 17.cxd6 cxd6 18.a4 Rac8 19.Kd2 Ba6 20.Ng5+ Kg8 21.Ne4 Rc6
22.Bg3 d5 23.Nd6 Ra8 24.f3 Nf6 25.h4 Nh5 26.Bh2 Rd8 27.Nb5 Rd7 28.Rhb1 Rc8
29.a5 Rc6 30.axb6 Rxb6 31.Nc7 Bc4 32.Rxb6 axb6 33.Ra8+ Kh7 34.Rb8 Nf6 35.g4 Ng8
36.Rxb6 Ne7 37.e4 Nc8 38.Rb8 Ne7 39.Ke3 Nc6 40.Rc8 Ne7 41.Ra8 f5 42.Nxe6 Rb7
43.Ng5+ Kg6 44.exf5+  1-0

[Event "Independence Cup A"]
[Site "Kyiv UKR"]
[Date "2008.08.13"]
[Round "11"]
[White "Karnaukh,A"]
[Black "Vdovichenko,V"]
[Result "1-0"]
[WhiteElo "2269"]
[BlackElo "2222"]

1.d4 Nf6 2.Nf3 e6 3.c4 b6 4.Nc3 Bb4 5.e3 Ne4 6.Qb3 Bxc3+ 7.bxc3 Bb7 8.a4 O-O
9.a5 c5 10.Bd3 d5 11.O-O Nd7 12.a6 Bc6 13.cxd5 exd5 14.c4 dxc4 15.Bxc4 b5
16.Be2 c4 17.Qc2 Bd5 18.Nd2 Nxd2 19.Bxd2 f5 20.f3 Nf6 21.Bb4 Re8 22.Ra3 Qd7
23.Bd1 g6 24.Qf2 Re6 25.Bc2 Rae8 26.h3 Ba8 27.Bc5 Rb8 28.Bxf5 b4 29.Bxe6+ Qxe6
30.Ra4 b3 31.Qd2 Nd5 32.e4 c3 33.exd5 Qe8 34.Qxc3 Qxa4 35.Bxa7 Rd8 36.Ra1 Qb5
37.Bc5 Bxd5 38.a7 Re8 39.Rb1 Kg7 40.Rb2 Qc6 41.Kh2 Qb7 42.Qd2 Qc7+ 43.Kh1 Qg3
44.Rb1 Bc4 45.d5 Be2 46.Rxb3 Bf1 47.Rb1 Ba6 48.Bf2 Qd6 49.Rb6 Qa3 50.Qb2+  1-0

[Event "Acropolis Open"]
[Site "Athens GRE"]
[Date "2008.08.15"]
[Round "7"]
[White "Danielian,E"]
[Black "Maric,A"]
[Result "1/2-1/2"]
[WhiteElo "2495"]
[BlackElo "2412"]

1.d4 e6 2.Nf3 Nf6 3.c4 b6 4.Nc3 Bb7 5.Bg5 Be7 6.e3 h6 7.Bh4 Ne4 8.Nxe4 Bxe4
9.Bxe7 Qxe7 10.Be2 O-O 11.O-O d6 12.Nd2 Bb7 13.Bf3 c5 14.dxc5 dxc5 15.Qa4 Bxf3
16.Nxf3 Qc7 17.Rad1 Nc6 18.Rd2 Rfd8 19.Rfd1  1/2-1/2

[Event "Independence Cup A"]
[Site "Kyiv UKR"]
[Date "2008.08.15"]
[Round "3"]
[White "Karnaukh,A"]
[Black "Varchenko,G"]
[Result "0-1"]
[WhiteElo "2269"]
[BlackElo "2162"]

1.d4 Nf6 2.Nf3 e6 3.c4 b6 4.Nc3 Bb7 5.Qc2 c5 6.e4 cxd4 7.Nxd4 Bb4 8.f3 Nc6
9.Be3 O-O 10.Be2 d5 11.Nxc6 Bxc6 12.O-O Bxc3 13.Qxc3 dxe4 14.Bg5 exf3 15.Bxf3 Bxf3
16.Bxf6 Qxf6 17.Qxf6 gxf6 18.Rxf3 f5 19.Rg3+ Kh8 20.Rd1 Rfd8 21.Rgd3 Rxd3
22.Rxd3 Kg7 23.Rd7 Kf6 24.Kf2 e5 25.Ke3 Ke6 26.Rb7 h5 27.g3 h4 28.Rc7 hxg3
29.hxg3 Rg8 30.Rc6+ Kd7 31.Rf6 Rxg3+ 32.Kf2 Rg7 33.Rxf5 Ke6 34.Rh5 Rg4 35.b3 Rd4
36.Ke3 Rd1 37.Rh6+ f6 38.Rh7 Rd7 39.Rh8 Rg7 40.Kf3 Kf5 41.Rh5+ Rg5 42.Rh7 e4+
43.Kf2 Kf4 44.Rxa7 e3+ 45.Kf1 Kf3 46.Re7 Rg8  0-1